Proceedings of the two-day Textile Conference (Record no. 73915)

MARC details
000 -LEADER
fixed length control field 01039cam a22002771 4500
001 - CONTROL NUMBER
control field sa 67003597
003 - CONTROL NUMBER IDENTIFIER
control field DLC
005 - DATE AND TIME OF LATEST TRANSACTION
control field 20260227112339.0
008 - FIXED-LENGTH DATA ELEMENTS--GENERAL INFORMATION
fixed length control field 820309s1966 ii a 100 0 eng
010 ## - LIBRARY OF CONGRESS CONTROL NUMBER
LC control number sa 67003597
025 ## - OVERSEAS ACQUISITION NUMBER
Overseas acquisition number PL480:I-E-8205
035 ## - SYSTEM CONTROL NUMBER
System control number (OCoLC)9800727
040 ## - CATALOGING SOURCE
Original cataloging agency DLC
Transcribing agency MnSU
Modifying agency DLC
042 ## - AUTHENTICATION CODE
Authentication code premarc
050 00 - LIBRARY OF CONGRESS CALL NUMBER
Classification number TS1300
Item number .T2125 1965
111 2# - MAIN ENTRY--MEETING NAME
Meeting name or jurisdiction name as entry element Textile Conference
Date of meeting or treaty signing ((1965 : :
Location of meeting Govindram Seksaria Technological Institute))
245 00 - TITLE STATEMENT
Title Proceedings of the two-day Textile Conference
Statement of responsibility, etc. held at Govindram Seksaria Technological Institute, Indore, on August 1, 2, 1965.
260 ## - PUBLICATION, DISTRIBUTION, ETC.
Place of publication, distribution, etc. [Ahmedabad,
Name of publisher, distributor, etc. Ahmedabad Textile Industry's Research Association,
Date of publication, distribution, etc. 1966]
300 ## - PHYSICAL DESCRIPTION
Extent 68 p.
Other physical details illus.
Dimensions 29 cm.
500 ## - GENERAL NOTE
General note "An ATIRA publication."
500 ## - GENERAL NOTE
General note Jointly sponsored by ATIRA and Textile Association (M.P).
650 #0 - SUBJECT ADDED ENTRY--TOPICAL TERM
Topical term or geographic name entry element Textile industry
Form subdivision Congresses.
650 #0 - SUBJECT ADDED ENTRY--TOPICAL TERM
Topical term or geographic name entry element Textile fabrics
Form subdivision Congresses.
710 2# - ADDED ENTRY--CORPORATE NAME
Corporate name or jurisdiction name as entry element Ahmedabad Textile Industry's Research Association.
710 2# - ADDED ENTRY--CORPORATE NAME
Corporate name or jurisdiction name as entry element Textile Association (India)

No items available.

Powered by Koha